00790cam a22002291 4500001001300000003000400013005001700017008004100034010001700075035001900092040001700111042001200128050001600140100004800156245008300204260004500287300004400332500008500376651003000461710005200491999001700543rc 01003161 DLC20260227111909.0770601s1860 xx 000 0 eng  arc 01003161  a(OCoLC)3009705 aDLCcOTdDLC apremarc00aF59.S16bW31 aWeeks, John M.q(John Moseley),d1788-1858.00aHistory of Salisbury, Vermont.cBy John M. Weeks, with a memoir of the author. aMiddlebury, Vt.,bA. H. Copeland,c1860. avii, [9]-362 p.bfront., ports.c19 cm. aPrepared at the request of, and dedicated to, the Middlebury historical society. 0aSalisbury (Vt.)xHistory.2 aMiddlebury Historical Society (Middlebury, Vt.) c52503d52503